Normal view
MARC view
- Jainco Publication
Entry Personal Name
001 - CONTROL NUMBER
- control field: 5799
003 - CONTROL NUMBER IDENTIFIER
- control field: OSt
005 - DATE AND TIME OF LATEST TRANSACTION
- control field: 20180206112526.0
008 - FIXED-LENGTH DATA ELEMENTS
- fixed length control field: 180206|| aca||aabn | a|a d
040 ## - CATALOGING SOURCE
- Original cataloging agency: OSt
- Transcribing agency: OSt
100 ## - HEADING--PERSONAL NAME
- Personal name: Jainco Publication
670 ## - SOURCE DATA FOUND
- Source citation: Work cat.: (OSt): Jainco Publication, Great works of O, Henry, 2005